00376nam a22001217a 4500008004100000040005500041080002200096100002300118245003400141260004400175300001500219650002000234230324b |||||||| |||| 00| 0 eng d aNational Science LibrarycNational Science Library aD 681.3.06C++bM8 aBerry, John Thomas aWaite group's C++ programming aUSA: bHoward W. Sams & Company, c1988 axvi, 381p. aWord processing